Willkommen in der Štefánik-Sternwarte : führer durch die Sternwarte und die astronomische Ausstellung /

Hlavní autor: Polechová, Pavla, 1948-
Další autoři: Najser, Pavel, 1946-, Sojka, Petr, 1950-, Šestáková, Ingeborg, 1938-
Jazyk: Němčina
Vydáno: Prag : Sternwarte und Planetarium der Hauptstadt Prag, 1991
Vydání: 1. Ausgabe
Témata:
Fyzický popis: [23] nečíslovaných stran : barevné ilustrace ; 10 x 15 cm
Knihy
Uloženo v:
LEADER 01370nam a22003732i 4500
001 001531733
003 CZ BrMZK
005 20250320134104.0
007 ta
008 160620s1991 xr a er|||||||||||ger d
015 |a cnb000064373 
020 |q (Brož.) 
035 |a (OCoLC)39569049 
040 |a ABA001  |b cze  |d BOA001  |e rda 
041 1 |a ger  |h cze 
080 9 |a 520 
100 1 |a Polechová, Pavla,  |d 1948-  |7 jn20010309716  |4 aut 
245 1 0 |a Willkommen in der Štefánik-Sternwarte :  |b führer durch die Sternwarte und die astronomische Ausstellung /  |c P. Polechová, P. Najser, P. Sojka ; Übersetzung I. Šestáková 
250 |a 1. Ausgabe 
264 1 |a Prag :  |b Sternwarte und Planetarium der Hauptstadt Prag,  |c 1991 
300 |a [23] nečíslovaných stran :  |b barevné ilustrace ;  |c 10 x 15 cm 
336 |a text  |b txt  |2 rdacontent 
337 |a bez média  |b n  |2 rdamedia 
338 |a svazek  |b nc  |2 rdacarrier 
500 |a Přeloženo z češtiny 
500 |a 4000 výtisků 
655 7 |a průvodce  |7 fd133154  |2 czenas 
700 1 |a Najser, Pavel,  |d 1946-  |7 ola2009488237  |4 aut 
700 1 |a Sojka, Petr,  |d 1950-  |7 jx20090518019  |4 aut 
700 1 |a Šestáková, Ingeborg,  |d 1938-  |7 xx0224956  |4 trl 
910 |a BOA001  |b X-0969.172 
990 |a BK 
991 |b 201605 
996 6 |b 2619163396  |c X-0969.172  |l MZK  |r Sklad / do 24 hodin  |n 0  |w 001566643  |u 000010  |a 1  |e BOA001  |j MZK50  |s P